| 000 | 00914cam a22002295a 4500 | ||
|---|---|---|---|
| 001 | L139573 | ||
| 008 | 070731s2007 xxk f 000 0 eng d | ||
| 020 | _a9781841409580 | ||
| 035 | _a(Sirsi) u139573 | ||
| 041 | 0 | _aeng | |
| 050 | 0 | 4 | _a657.3 $2 18 |
| 110 | 2 |
_aAccounting Standards Board _93454 |
|
| 245 | 0 | 0 |
_aStatement _bhalf-yearly financial reports |
| 260 |
_aLondon _bASB $2 007 |
||
| 300 |
_a36p. _c21cm. |
||
| 520 | _aStatement aims to provide guidance for UK and Irish entities preparing half-yearly financial reports. Does not apply to reports required by the Disclosure and Transparency Rules of the Financial Services Authority or its Irish equivalent as laid out in IAS 34. | ||
| 650 | 2 | 4 | _aDIRECTIVE 2004/109/EC |
| 651 | 4 |
_aUnited Kingdom _y |
|
| 651 | 4 |
_aIreland (Republic of) _y |
|
| 690 | _aMANAGEMENT-BUSINESS MANAGEMENT-FINANCIAL MANAGEMENT-ACCOUNTING-FINANCIAL REPORTING | ||
| 942 | _n0 | ||
| 999 |
_c107314 _d107314 |
||